Emmy - Comedy Supporting Actor Quiz Stats

 Plays Quiz Updated Sep 18, 2018

Score 0/63 Timer 07:00
0 Plays Today
Year Actor % Correct
1993Michael Richards
75.3%
1994Michael Richards
75.3%
1997Michael Richards
75.3%
1995David Hyde Pierce
70.3%
1998David Hyde Pierce
70.3%
1999David Hyde Pierce
70.3%
2004David Hyde Pierce
70.3%
1961Don Knotts
68.7%
1962Don Knotts
68.7%
1963Don Knotts
68.7%
1966Don Knotts
68.7%
1967Don Knotts
68.7%
1981Danny DeVito
68.2%
1971Ed Asner
63%
1972Ed Asner
63%
1975Ed Asner
63%
2009Jon Cryer
62%
1989Woody Harrelson
60.5%
1974Rob Reiner
59.1%
1978Rob Reiner
59.1%
2002Brad Garrett
58%
2003Brad Garrett
58%
2005Brad Garrett
58%
1957Carl Reiner
54.3%
1958Carl Reiner
54.3%
2006Jeremy Piven
53.3%
2007Jeremy Piven
53.3%
2008Jeremy Piven
53.3%
2014Ty Burrell
52.3%
2018Henry Winkler
50.9%
1954Art Carney
50.4%
1955Art Carney
50.4%
Year Actor % Correct
1956Art Carney
50.4%
2011Ty Burrell
47.1%
1985John Larroquette
46.9%
1986John Larroquette
46.9%
1987John Larroquette
46.9%
1988John Larroquette
46.9%
2012Eric Stonestreet
46.3%
1973Ted Knight
45.9%
1976Ted Knight
45.9%
2010Eric Stonestreet
45.2%
2000Sean Hayes
44.7%
2019Tony Shalhoub
43.1%
2016Louie Anderson
43.1%
2017Alec Baldwin
42.2%
2015Tony Hale
41.3%
1982Christopher Lloyd
39.8%
1983Christopher Lloyd
39.8%
2013Tony Hale
35.6%
1980Harry Morgan
28.5%
1996Rip Torn
28%
1968Werner Klemperer
23%
1969Werner Klemperer
23%
1977Gary Burghoff
22%
1984Pat Harrington
20.8%
2001Peter MacNicol
17.4%
1979Robert Guillaume
16.2%
1992Michael Jeter
15.6%
1991Jonathan Winters
11%
1990Alex Rocco
9.6%
1970Michael Constantine
9.2%
1959Tom Poston
7.9%

You're not logged in!

Compare scores with friends on all Sporcle quizzes.
OR
Log In

Sporcle TV

Today on Sporcle TV


Watch our educational content, quiz creation guides, and fun videos on Sporcle TV.

Show Comments

Extras

Top Quizzes Today


Score Distribution

Your Account Isn't Verified!

In order to create a playlist on Sporcle, you need to verify the email address you used during registration. Go to your Sporcle Settings to finish the process.

Report this User

Report this user for behavior that violates our Community Guidelines.

Details: